| 000 | 00481nam a2200169 a 4500 | ||
|---|---|---|---|
| 020 | _a9788125037552 | ||
| 082 | 0 | 0 |
_a320.0954 _bNAN |
| 100 | _aNandy, Ashis | ||
| 245 | _aWritings of Rajni Kothari: politics in India, Caste in India politics, rethinking democracy | ||
| 260 |
_aNew Delhi _bOrient Blackswan _c2009 |
||
| 300 | _a470p | ||
| 500 | _aincludes index and biblioraphy | ||
| 505 | 2 | _apart 1 and 2 | |
| 650 | _aPolitics-India | ||
| 700 | 1 | _aNandy, Ashis | |
| 942 | _cBK | ||
| 999 |
_c14005 _d14005 |
||